000 01354naa a22003617a 4500
001 BR7502813
003 BR-BrBNA
005 20240918173734.0
007 ta
008 230509b bl.||||| |||| 00| 0 por d
040 _aBR-BrBNA
_bpor
_cBiblioteca Nacional de Agricultura
041 _a(Pt)
072 _aE15; L00
_b5213
_bG514
090 _aE15 BR7502813
110 1 _aSecretaria de Estado da Agricultura, Vitoria, ES (Brasil);
_98853
110 1 _aComissao Estadual de Planejamento Agricola, Vitoria, ES (Brasil)
111 1 _a2. Encontro Regional da Agropecuaria
_cCuiaba, MT (Brazil)
_d29 May 1975
245 1 _aPecuaria de corte no Espirito Santo [Gado de corte; Abate; Melhoramento animal; Rebanho; Produtividade; Brasil]
260 3 _aCuiaba, MT (Brasil):
_c1975.
500 _a2. Encontro Regional da Agropecuaria. Documento basico Cuiaba, MT (Brasil): 1975. p. 30-51 (BR7502813-AM)E15
650 _aMicroeconomia
650 _aProducao animal
650 _aGado de corte
650 _aCredito rural
650 _aProdutividade
650 _aAbate
650 _aManejo
650 _aMelhoramento animal
650 _aEspirito Santo
773 0 _t2. Encontro Regional da Agropecuaria. Documento basico
_wE15 BR7502813
_gCuiaba, MT (Brasil), 1975. p. 30-51
909 _a202404
_bLucia
_c55
_dLucia Elande
942 _cAM
_2AGRIS
999 _c306564
_d306564